LEADER 01379nam--2200409---450- 001 990000412360203316 010 $a88-7741-417$berrato 035 $a0041236 035 $aUSA010041236 035 $a(ALEPH)000041236USA01 035 $a0041236 100 $a20010423d1988----km-y0itay0103----ba 101 $aita 102 $aIT 105 $a||||||||001yy 200 1 $aDogmatica giuridica e sociologia del diritto$esul dibattito metodologico della civilistica italiana negli anni ottanta$fAndrea Bixio 210 $aPisa$cETS$d1988 215 $a43 p.$d21 cm 225 2 $aQuaderni del seminario per le scienze giuridiche e politiche$fUniversitā di Pisa$v2 225 2 $aQuaderni ETS$v28 410 $12001$aQuaderni del seminario per le scienze giuridiche e politiche$fUniversitā di Pisa$v2 410 $12001$aQuaderni ETS$v28 461 1$1001-------$12001 606 0 $aDiritto civile$xMetodologia 606 0 $aDiritto e sociologia 676 $a346.0018 700 1$aBIXIO,$bAndrea$0374913 801 0$aIT$bsalbc$gISBD 912 $a990000412360203316 951 $aX 19 XII 28$b77204 EC$cX 19 XII 959 $aBK 969 $aECO 979 $aPATTY$b90$c20010423$lUSA01$h1306 979 $c20020403$lUSA01$h1649 979 $aPATRY$b90$c20040406$lUSA01$h1629 996 $aDogmatica giuridica e sociologia del diritto$9875064 997 $aUNISA LEADER 01059nam a2200265 i 4500 001 991001263249707536 005 20020507190229.0 008 960612s1976 it ||| | eng 035 $ab10823220-39ule_inst 035 $aLE01309542$9ExL 040 $aDip.to Matematica$beng 082 0 $a530.15 084 $aAMS 81-06 084 $aAMS 81-XX 100 1 $aFoā, Lorenzo$028048 245 10$aProceedings of the symposium on frontier problems in high energy physics :$bin honour of Gilberto Bernardini on his 70th birthday /$c[edited by Lorenzo Foā] 260 $aPisa :$bScuola Normale Superiore Pisa,$c1976 300 $a200 p. ;$c24 cm. 650 4$aQuantum theory$xCongresses 907 $a.b10823220$b02-04-14$c28-06-02 912 $a991001263249707536 945 $aLE013 81-XX FOA11 (1976)$g1$i2013000050966$lle013$o-$pE0.00$q-$rl$s- $t0$u0$v0$w0$x0$y.i10930693$z28-06-02 996 $aProceedings of the symposium on frontier problems in high energy physics$9924125 997 $aUNISALENTO 998 $ale013$b01-01-96$cm$da $e-$feng$git $h0$i1